History Quiz

Random History or Art Quiz
Score 0/7 Timer 01:00
1 Play Today
% Correct
Christ the Redeemer
97.7%
Colosseum
97.3%
Taj Mahal
97.1%
Great Wall of China
96.2%
Petra
92.6%
Chichen Itza
92.2%
Machu Picchu
89.8%

You're not logged in!

Compare scores with friends on all Sporcle quizzes.
OR
Log In

Sporcle TV

Today on Sporcle TV


Watch our educational content, quiz creation guides, and fun videos on Sporcle TV.

Show Comments

Extras

Top Quizzes Today


Score Distribution

Your Account Isn't Verified!

In order to create a playlist on Sporcle, you need to verify the email address you used during registration. Go to your Sporcle Settings to finish the process.

Report this User

Report this user for behavior that violates our Community Guidelines.

Details: